00905nam a2200217 a 4500001001000000003000500010005001700015008004100032010001100073011001100084040000900095100002500104245019500129260004100324500006000365502013000425650002700555650002200582650001300604856007000617000115319CHAP20220329144529.0190506s2018 mx a |sm |||||||spa d a111780 a112752 cCHAP1 aOrtiz Aparicio, Gil.10aValoración económica de los servicios recreativos ambientales del agua mediante el método de costo de viaje en el estado de Chihuahua, Méxicoh[En línea]cpor Gil Ortíz Aparicio. aChapingo, Méx. :bEl autor,c2018. aPara ver el contenido del material haga clic en la liga aTesis (M.C. en Economía Agrícola y de los Recursos Naturales) -- UACH. División de Ciencias Económico-Administrativas14aAguaxAprovechamiento.14aAreas recreativas14aTurismo. aFinding aiduhttp://10.13.5.2/tesis/sist115319.pdfzTeclea aquí